| 000 | 02580cam a2200373 a 4500 | ||
|---|---|---|---|
| 001 | 17059528 | ||
| 003 | PILC | ||
| 005 | 20160216081543.0 | ||
| 008 | 111128s2012 maua b 001 0 eng | ||
| 010 | _a 2011049167 | ||
| 020 | _a9780470672327 (hardback) | ||
| 020 | _a9780470671238 (paperback) | ||
| 040 |
_aDLC _cDLC _dDLC |
||
| 042 | _apcc | ||
| 050 | 0 | 0 |
_aBF 76.7 _b.B447 2012 |
| 082 | 0 | 0 | _a808.06/615 |
| 084 |
_aPSY000000 _2bisacsh |
||
| 100 | 1 | _aBeins, Bernard. | |
| 245 | 1 | 0 |
_aAPA style simplified : _bwriting in psychology, education, nursing, and sociology / _cBernard C. Beins. |
| 250 | _a1st edition. | ||
| 260 |
_aMalden, MA : _bWiley-Blackwell, _c2012. |
||
| 300 |
_ax, 202 pages : _billustrations ; _c24 cm. |
||
| 500 | _aIncludes bibliographical references and indexes. | ||
| 504 | _aIncludes bibliographical references and index. | ||
| 520 | _a"This is a compact but comprehensive guide to writing clearly and effectively in APA style. Demonstrates how to write objective scientific research papers using interesting prose Incorporates guidelines from the 6th edition of the APA publication manual Explores how to develop ideas, connect them to what others have written, and express them clearly Discusses the differences between written, oral, and poster presentations and offers instructions for applying APA style to each"-- | ||
| 520 | _a"In APA Style Simplified, experienced teacher and writer Bernard C. Beins guides young scholars through the labyrinth of APA style. He highlights the major elements of APA style and shows how to generate a coherent manuscript. Beins also explores how to develop ideas, connect them to what others have written, and express them in a style that reflects a sophisticated knowledge of the subject area. In addition, he features a sample manuscript showing common deviations from APA style, and how to correct these problems. An essential resource for those working on research papers, dissertations, and manuscripts within relevant subject areas, APA Style Simplified is a compact but comprehensive guide to writing clearly and effectively"-- | ||
| 650 | 0 |
_aPsychology _xAuthorship. |
|
| 650 | 0 |
_aPsychology _xAuthorship _vStyle manuals. |
|
| 650 | 0 |
_aSocial sciences _xAuthorship _vStyle manuals. |
|
| 650 | 7 |
_aPSYCHOLOGY / General _2bisacsh. |
|
| 906 |
_a7 _bcbc _corignew _d1 _eecip _f20 _gy-gencatlg |
||
| 942 |
_2lcc _cBK _kFOR |
||
| 999 |
_c276762 _d276762 |
||